000 00584nam a2200241 a 4500
001 nice12345678
003 IN_TiNIC
005 20260116012116.0
008 050524s1958 lona grp 000 0 eng
020 _a
_c124.8
082 0 0 _a270.8
_bNEL
100 _aNelson, Robert
245 _aOne Lord, One Church
260 _aLondon
_bUnited Society for Christian Literature
_c1958
300 _a95p
500 _aincludes index and biblioraphy
505 2 _aIndex
650 _aEcumenicalism
700 1 _aNelson, Robert
902 _bSRS
942 _cBK
999 _c5672
_d5672